| 000 | 00558nam a2200193Ia 4500 | ||
|---|---|---|---|
| 005 | 20250508150648.0 | ||
| 008 | 008 250505s9999 xx 000 0 eng d | ||
| 037 | _aTextual | ||
| 040 |
_aFEDL _beng _cFEDL |
||
| 041 |
_aeng _2eng |
||
| 084 |
_a301.151 842 45, TRO _qFEDL |
||
| 100 |
_aTrotter Wilfred _9757312 |
||
| 245 | 0 | _aInstincts of the herd in peace and war | |
| 260 |
_aLondon, UK _bErnest Benn Limited _c1947 |
||
| 300 | _a270p | ||
| 650 | _aSociology | ||
| 942 |
_cTEXL _h301.151 842 45, TRO |
||
| 999 |
_c1324893 _d1324893 |
||